|
|
|
|
| LEADER |
00898cam a2200229 7i4500 |
| 001 |
0000026829 |
| 005 |
20170511090000.0 |
| 008 |
090415 eng |
| 020 |
|
|
|a 978052/1629928 (pbk.)
|
| 020 |
|
|
|a 0521629926 (pbk.)
|
| 090 |
0 |
0 |
|a BF720.E45
|b S66 1995
|
| 100 |
1 |
|
|a Sroufe, L. Alan
|
| 245 |
1 |
0 |
|a Emotional development :
|b the organization of emotional life in the early years
|c L. Alan Sroufe.
|
| 260 |
|
|
|a Cambridge:
|b Cambridge University Press,
|c 1995.
|
| 300 |
|
|
|a xiii, 263 p.;
|c 23 cm.
|
| 490 |
0 |
|
|a Cambridge studies in social and emotional development
|
| 504 |
|
|
|a Includes bibliographical references and index
|
| 650 |
0 |
0 |
|a Emotions in infants
|
| 650 |
0 |
0 |
|a Emotions in children
|
| 997 |
|
|
|a Education & Social Sciences, Faculty
|b Social Sciences, Department
|
| 998 |
|
|
|a Industrial Psychology, Degree
|
| 999 |
|
|
|a 0000033538
|b BOK
|c OPEN SHELF
|e 1st Floor, Bestari Jaya
|